|
|
|
|
| LEADER |
04324nam a22004935i 4500 |
| 001 |
978-1-61779-812-2 |
| 003 |
DE-He213 |
| 005 |
20151204163655.0 |
| 007 |
cr nn 008mamaa |
| 008 |
120604s2012 xxu| s |||| 0|eng d |
| 020 |
|
|
|a 9781617798122
|9 978-1-61779-812-2
|
| 024 |
7 |
|
|a 10.1007/978-1-61779-812-2
|2 doi
|
| 040 |
|
|
|d GrThAP
|
| 050 |
|
4 |
|a RM1-950
|
| 072 |
|
7 |
|a MMG
|2 bicssc
|
| 072 |
|
7 |
|a MED071000
|2 bisacsh
|
| 082 |
0 |
4 |
|a 615
|2 23
|
| 245 |
1 |
0 |
|a Immunotoxicity, Immune Dysfunction, and Chronic Disease
|h [electronic resource] /
|c edited by Rodney R. Dietert, Robert W. Luebke.
|
| 264 |
|
1 |
|a Totowa, NJ :
|b Humana Press :
|b Imprint: Humana Press,
|c 2012.
|
| 300 |
|
|
|a XVI, 452 p.
|b online resource.
|
| 336 |
|
|
|a text
|b txt
|2 rdacontent
|
| 337 |
|
|
|a computer
|b c
|2 rdamedia
|
| 338 |
|
|
|a online resource
|b cr
|2 rdacarrier
|
| 347 |
|
|
|a text file
|b PDF
|2 rda
|
| 490 |
1 |
|
|a Molecular and Integrative Toxicology,
|x 2168-4219
|
| 505 |
0 |
|
|a Introduction to Immunotoxicity -- The Environment-Immune Route to Chronic Disease -- Asthma and Respiratory Allergies -- Cutaneous Allergies -- Food Allergies -- Factors Involved in Onset of Type1 Diabetes -- Rheumatoid Arthritis -- Environment, Immune Dysfunction and Systemic Lupus Erythematosus -- Multiple Sclerosis, Alzheimer’s Disease and Inflammation: A Hypothetical View -- Immune Dysfunction in Autism Spectrum Disorders -- Atherosclerosis and Inflammatory Heart Disease -- Inflammatory Bowel Disease and Celiac Disease: Environmental Risks Factors and Consequences -- COPD and Other Inflammatory Diseases of the Lung: Focus on AhR signaling -- Environment, the Immune System, and Depression: An Integrative Review and Discussion of the Infection-Defense Hypothesis -- Cancer – Childhood Acute Leukemia -- Environmental Toxicants and Susceptibility to Infection -- Reducing the Prevalence of Immune-Based Chronic Disease.
|
| 520 |
|
|
|a Immunotoxicity, Immune Dysfunction, and Chronic Disease is among the first books to illustrate the linkage between environmental risk factors (e.g., chemicals, drugs, diet, lifestyles), environmentally-induced immune dysfunction and the full range of resulting chronic diseases and conditions. There is a detailed discussion of specific immune-based chronic diseases and conditions that emerge in children and adults and affect different physiological systems. The book integrates a consideration of risk factors and specific immunotoxic alterations with disease outcomes. A significant number of diseases and conditions are discussed, such as systemic allergic diseases affecting the lung, skin and gastrointestinal tract, systemic autoimmune diseases (type 1 diabetes,multiple sclerosis and lupus) and chronic conditions that are not traditionally associated with chemically-mediated immunomodulation (depression, frailty, and atherosclerosis). Inflammatory dysregulation is a common thread that connects many of the diseases and conditions discussed in this book and provides a central focus. Individual chapters are organized by disease with the addition of chapters that provide integrative information on: 1) patterns of disease comorbidities and 2) the safety testing of chemicals and drugs to reduce the risk of immune dysfunction. Each chapter contains a summary of key points as well as recommendations when appropriate. The book stresses the benefits of identifying the environmental risk factors of immune-mediated chronic disease and the potential to reduce the prevalence of these diseases and conditions. This volume is a valuable resource for researchers, clinicians, risk assessors and regulators and students. .
|
| 650 |
|
0 |
|a Medicine.
|
| 650 |
|
0 |
|a Immunology.
|
| 650 |
|
0 |
|a Molecular biology.
|
| 650 |
|
0 |
|a Pharmacology.
|
| 650 |
1 |
4 |
|a Biomedicine.
|
| 650 |
2 |
4 |
|a Pharmacology/Toxicology.
|
| 650 |
2 |
4 |
|a Immunology.
|
| 650 |
2 |
4 |
|a Molecular Medicine.
|
| 700 |
1 |
|
|a Dietert, Rodney R.
|e editor.
|
| 700 |
1 |
|
|a Luebke, Robert W.
|e editor.
|
| 710 |
2 |
|
|a SpringerLink (Online service)
|
| 773 |
0 |
|
|t Springer eBooks
|
| 776 |
0 |
8 |
|i Printed edition:
|z 9781617798115
|
| 830 |
|
0 |
|a Molecular and Integrative Toxicology,
|x 2168-4219
|
| 856 |
4 |
0 |
|u http://dx.doi.org/10.1007/978-1-61779-812-2
|z Full Text via HEAL-Link
|
| 912 |
|
|
|a ZDB-2-SBL
|
| 950 |
|
|
|a Biomedical and Life Sciences (Springer-11642)
|